[Event "KAUPTHING OPEN 2007 B"]
[Site "?"]
[Date "2007.07.08"]
[Round "3.24"]
[White "Pinheiro, Philippe"]
[Black "Thiebaux, Jean-Claude"]
[Result "1-0"]
[WhiteElo "1540"]
[BlackElo "1836"]
[PlyCount "111"]
[EventDate "2007.07.18"]

1. d4 d5 2. c4 c6 3. Nf3 Nf6 4. Nc3 dxc4 5. a4 Bf5 6. e3 e6 7. Bxc4 Bb4 8. O-O
Qa5 9. Na2 Be7 10. Bd2 Qc7 11. Rc1 Nbd7 12. a5 O-O 13. Nh4 Bg4 14. Nf3 Ne4 15.
Be1 Rad8 16. Bd3 Ndf6 17. Be2 Bd6 18. h3 Bh5 19. Qa4 h6 20. a6 Ng5 21. g4 Nxh3+
22. Kg2 Bxg4 23. Ba5 b6 24. Rxc6 Qe7 25. Be1 Ng5 26. Nc3 Bh3+ 27. Kg1 Nxf3+ 28.
Bxf3 Nh7 29. Ne4 Bxf1 30. Kxf1 Ng5 31. Nd2 Nxf3 32. Nxf3 Qd7 33. b4 Rfe8 34. b5
e5 35. Bb4 Bxb4 36. Qxb4 Qh3+ 37. Ke2 exd4 38. Nxd4 Qg4+ 39. Kf1 Qd1+ 40. Kg2
Qg4+ 41. Kf1 Qh3+ 42. Kg1 Re4 43. f3 Qg3+ 44. Kf1 Rh4 45. Qe7 Rh1+ 46. Ke2 Qe1+
47. Kd3 Qb1+ 48. Rc2 Qxb5+ 49. Ke4 Rh4+ 50. Qxh4 Re8+ 51. Kf4 g5+ 52. Kg3 gxh4+
53. Kh3 Kg7 54. Nxb5 Rxe3 55. Nxa7 Ra3 56. Rc7 1-0

[Event "KAUPTHING OPEN 2007 B"]
[Site "?"]
[Date "2007.07.08"]
[Round "3.25"]
[White "Jouanny, Sebastien"]
[Black "Geschwindt, Gilbert"]
[Result "1-0"]
[WhiteElo "1681"]
[BlackElo "1649"]
[PlyCount "61"]
[EventDate "2007.07.18"]

1. d4 Nf6 2. c4 e6 3. Nc3 Bb4 4. Bg5 c5 5. d5 Bxc3+ 6. bxc3 Qa5 7. Bxf6 gxf6 8.
Qc2 d6 9. Nf3 e5 10. e3 Bg4 11. Nd2 Nd7 12. h4 Bh5 13. Qb2 Qc7 14. f3 f5 15.
Bd3 Rg8 16. Kf2 O-O-O 17. Bxf5 Bg6 18. e4 Bxf5 19. exf5 h5 20. Ne4 Rg7 21. Rag1
Rdg8 22. Qe2 Qd8 23. Nxd6+ Kb8 24. Ne4 b6 25. g4 Nf6 26. Nxf6 Qxf6 27. Qe4 a6
28. g5 Qd6 29. f6 Rg6 30. Re1 Re8 31. f4 1-0

[Event "KAUPTHING OPEN 2007 B"]
[Site "?"]
[Date "2007.07.08"]
[Round "3.26"]
[White "Korman, Ewgenija"]
[Black "Boyarchenko, Alexander Sr"]
[Result "1-0"]
[WhiteElo "1661"]
[BlackElo "1544"]
[PlyCount "59"]
[EventDate "2007.07.18"]

1. e4 c6 2. Nc3 d5 3. d4 dxe4 4. Nxe4 Nd7 5. Nf3 Ngf6 6. Bd3 Nxe4 7. Bxe4 Nf6
8. Bd3 Bg4 9. c3 Qd5 10. Be2 e6 11. h3 Bh5 12. Bf4 Be7 13. O-O Ne4 14. Re1 g5
15. Bh2 g4 16. Ne5 f5 17. c4 Qa5 18. hxg4 Bb4 19. gxf5 Bxe1 20. Bxh5+ Ke7 21.
Qxe1 Qxe1+ 22. Rxe1 exf5 23. Bf3 Kf6 24. Bxe4 fxe4 25. Rxe4 Rae8 26. f3 h5 27.
Kf2 Rh7 28. Nd7+ Rxd7 29. Rxe8 Rxd4 30. Be5+ 1-0

[Event "KAUPTHING OPEN 2007 B"]
[Site "?"]
[Date "2007.07.08"]
[Round "3.27"]
[White "Schneider, Rafael"]
[Black "Berchem Lux, Stéphane"]
[Result "1-0"]
[WhiteElo "1807"]
[BlackElo "1200"]
[PlyCount "65"]
[EventDate "2007.07.18"]

1. e4 c5 2. Nf3 d6 3. d4 cxd4 4. Nxd4 Nf6 5. Nc3 d5 6. e5 Ne4 7. Bb5+ Bd7 8.
Nxd5 Bxb5 9. Nxb5 e6 10. Ndc7+ Ke7 11. Qxd8+ Kxd8 12. Nxa8 Bb4+ 13. c3 Nxc3 14.
bxc3 Nc6 15. cxb4 Nxb4 16. Bg5+ f6 17. exf6 gxf6 18. Bxf6+ Ke8 19. Nac7+ Kf7
20. Bxh8 Nc2+ 21. Kd2 Nxa1 22. Bxa1 a6 23. Nd4 b5 24. Re1 e5 25. Rxe5 b4 26.
Ke3 b3 27. Kf4 b2 28. Bxb2 a5 29. Kf5 a4 30. Nd5 a3 31. Re7+ Kg8 32. Kf6 axb2
33. Re8# 1-0

[Event "KAUPTHING OPEN 2007 B"]
[Site "?"]
[Date "2007.07.08"]
[Round "3.28"]
[White "Kessler, Lucien"]
[Black "Schaul, Georges"]
[Result "1-0"]
[WhiteElo "1495"]
[BlackElo "1200"]
[PlyCount "25"]
[EventDate "2007.07.18"]

1. e4 e5 2. Nf3 Nc6 3. Bc4 b6 4. O-O Nf6 5. Ng5 h6 6. Nxf7 Qe7 7. Nxh8 Bb7 8.
Ng6 Qd6 9. d4 O-O-O 10. Nc3 h5 11. d5 Nb8 12. Nb5 a6 13. Na7# 1-0

[Event "KAUPTHING OPEN 2007 B"]
[Site "?"]
[Date "2007.07.08"]
[Round "3.29"]
[White "Jagiello, Robert"]
[Black "Mahan, James Robert"]
[Result "1/2-1/2"]
[WhiteElo "1292"]
[BlackElo "1514"]
[PlyCount "45"]
[EventDate "2007.07.18"]

1. e4 d5 2. exd5 Qxd5 3. Nc3 Qd6 4. d4 Nf6 5. Nf3 Bg4 6. Be2 Nbd7 7. h3 Bh5 8.
O-O e6 9. Re1 Be7 10. Nb5 Qb6 11. Qd3 c6 12. Nc3 O-O 13. Ne4 Nxe4 14. Qxe4 Nf6
15. Qh4 Bg6 16. c3 Nd5 17. Qg3 f6 18. Nh4 Bf7 19. Bh6 g5 20. Bxf8 Kxf8 21. Nf3
Nf4 22. h4 Qxb2 23. Bc4 1/2-1/2

[Event "KAUPTHING OPEN 2007 B"]
[Site "?"]
[Date "2007.07.08"]
[Round "3.30"]
[White "Dording, Fränz"]
[Black "Clement, Marc"]
[Result "0-1"]
[WhiteElo "1251"]
[BlackElo "1432"]
[PlyCount "50"]
[EventDate "2007.07.18"]

1. e4 e5 2. Nf3 Nf6 3. Nc3 Nc6 4. Bc4 Be7 5. a3 O-O 6. O-O d6 7. d3 Bg4 8. h3
Bd7 9. Be3 Be6 10. Bxe6 fxe6 11. Ng5 Qd7 12. f4 exf4 13. Bxf4 e5 14. Be3 d5 15.
b3 d4 16. Nd5 Nxd5 17. Rxf8+ Rxf8 18. Bd2 Ne3 19. Bxe3 dxe3 20. Nf3 Bc5 21. Qe2
Qe7 22. b4 Bb6 23. c4 Nd4 24. Qd1 Nxf3+ 25. gxf3 e2+ 0-1

[Event "KAUPTHING OPEN 2007 B"]
[Site "?"]
[Date "2007.07.08"]
[Round "3.31"]
[White "Hoefer, Michael"]
[Black "Wolff, Chris"]
[Result "1-0"]
[WhiteElo "1423"]
[BlackElo "1200"]
[PlyCount "21"]
[EventDate "2007.07.18"]

1. e4 e5 2. Nf3 f6 3. Nxe5 fxe5 4. Qh5+ g6 5. Qxe5+ Qe7 6. Qxh8 Qxe4+ 7. Kd1 d6
8. Bb5+ Nd7 9. Re1 Qe5 10. Rxe5+ dxe5 11. Qxe5+ 1-0

[Event "KAUPTHING OPEN 2007 B"]
[Site "?"]
[Date "2007.07.08"]
[Round "3.32"]
[White "Cressa, Luca"]
[Black "Gambucci, Daniela"]
[Result "1-0"]
[WhiteElo "1250"]
[BlackElo "1377"]
[PlyCount "39"]
[EventDate "2007.07.18"]

1. e4 d6 2. Nf3 Bg4 3. Bc4 Bxf3 4. Qxf3 Nf6 5. Nc3 c6 6. d4 e5 7. dxe5 dxe5 8.
Bg5 Be7 9. Bxf6 Bxf6 10. O-O Nd7 11. Rad1 Qb6 12. b4 Qxb4 13. Qd3 Rd8 14. Rb1
Qe7 15. Rxb7 a5 16. Rc7 Qc5 17. Rd1 Nb6 18. Bxf7+ Kf8 19. Qxd8+ Bxd8 20. Rxd8#
1-0

[Event "KAUPTHING OPEN 2007 B"]
[Site "?"]
[Date "2007.07.08"]
[Round "3.33"]
[White "Blond Hanten, Elsa"]
[Black "Donini, Carlo"]
[Result "0-1"]
[WhiteElo "1200"]
[BlackElo "1347"]
[PlyCount "36"]
[EventDate "2007.07.18"]

1. e4 c5 2. Nc3 Nc6 3. Nf3 g6 4. Bb5 Bg7 5. O-O a6 6. Bc4 b5 7. d3 bxc4 8. dxc4
d6 9. Na4 Nf6 10. e5 dxe5 11. Nxc5 Qxd1 12. Rxd1 O-O 13. Re1 Nd7 14. Nxe5 Ndxe5
15. f4 Nxc4 16. Be3 Nxe3 17. Rxe3 Bd4 18. Nb3 Bxe3+ 0-1

[Event "KAUPTHING OPEN 2007 B"]
[Site "?"]
[Date "2007.07.09"]
[Round "4.1"]
[White "Schartz, Alain"]
[Black "Nguyen-Huu, Hoang"]
[Result "1-0"]
[WhiteElo "2199"]
[BlackElo "2103"]
[PlyCount "81"]
[EventDate "2007.07.18"]

1. e4 c6 2. d4 Qc7 3. Nc3 d6 4. f4 g6 5. Nf3 Bg4 6. h3 Bxf3 7. Qxf3 Bg7 8. Be3
Nd7 9. O-O-O e6 10. g4 O-O-O 11. h4 h5 12. Bh3 Kb8 13. f5 hxg4 14. Bxg4 gxf5
15. exf5 e5 16. d5 Nb6 17. Bxb6 Qxb6 18. dxc6 bxc6 19. Na4 Qb5 20. Qa3 Kc7 21.
Rh3 Bh6+ 22. Kb1 Nf6 23. Rb3 Qa5 24. Be2 Rd7 25. Rc3 Rb8 26. Rb3 Rxb3 27. Qxb3
Ne4 28. Ka1 Nd2 29. Qa3 Kd8 30. b4 Qc7 31. Qg3 Ne4 32. Qg8+ Ke7 33. Bh5 Kf6 34.
Qh7 Bf4 35. Rg1 Ng3 36. Rxg3 Bxg3 37. Qh6+ Ke7 38. Qg5+ Kf8 39. f6 Rd8 40. Qg7+
Ke8 41. Qg8+ 1-0

[Event "KAUPTHING OPEN 2007 B"]
[Site "?"]
[Date "2007.07.09"]
[Round "4.2"]
[White "Nikolaeva, Maria"]
[Black "Morozova, Julia"]
[Result "1/2-1/2"]
[WhiteElo "2091"]
[BlackElo "2073"]
[PlyCount "85"]
[EventDate "2007.07.18"]

1. Nf3 Nc6 2. d4 d5 3. c4 Bg4 4. cxd5 Bxf3 5. dxc6 Bxc6 6. Nc3 e6 7. a3 Qh4 8.
Qd3 a6 9. e4 Nf6 10. g3 Qh5 11. Bg2 Be7 12. O-O Rd8 13. Qd1 Qg6 14. d5 O-O 15.
Qe2 Bd7 16. Bf4 exd5 17. e5 Ne8 18. Nxd5 Qe6 19. Qc2 c6 20. Nxe7+ Qxe7 21. Be4
h6 22. Qc3 Nc7 23. Rad1 Bh3 24. Bg2 Bxg2 25. Kxg2 Nd5 26. Qf3 Qe6 27. Rfe1 Rd7
28. Be3 Rfd8 29. Bd4 Ne7 30. Bc3 Nd5 31. Bd4 Ne7 32. Bc3 Ng6 33. Rxd7 Rxd7 34.
Qe4 Ne7 35. Bb4 Nd5 36. Re2 g6 37. Bd2 h5 38. Bg5 Nc7 39. Rd2 Rxd2 40. Bxd2 Qd7
41. Bg5 Qe6 42. Qd4 Nd5 43. Bd2 1/2-1/2

[Event "KAUPTHING OPEN 2007 B"]
[Site "?"]
[Date "2007.07.09"]
[Round "4.3"]
[White "Roitzsch, Philippe"]
[Black "Lobzhanidze, Anna"]
[Result "1/2-1/2"]
[WhiteElo "1874"]
[BlackElo "2086"]
[PlyCount "63"]
[EventDate "2007.07.18"]

1. e4 d6 2. d4 Nf6 3. Bd3 g6 4. Ne2 Bg7 5. O-O c6 6. Nd2 Nbd7 7. f4 O-O 8. e5
Nd5 9. Ne4 dxe5 10. fxe5 c5 11. c3 cxd4 12. cxd4 Nb4 13. Bc4 Nb6 14. Qb3 N4d5
15. Bg5 Nxc4 16. Qxc4 Be6 17. Nc5 Rc8 18. Qb3 Nf4 19. Nxe6 Nxe2+ 20. Kh1 Nxd4
21. Nxd4 Qxd4 22. Bxe7 Bxe5 23. Bxf8 Rxf8 24. Rac1 Qxb2 25. Qxb2 Bxb2 26. Rb1
Bd4 27. Rxb7 Bb6 28. a4 h5 29. Ra1 Rc8 30. a5 Bxa5 31. Rxa7 Bb6 32. Ra8 1/2-1/2

[Event "KAUPTHING OPEN 2007 B"]
[Site "?"]
[Date "2007.07.09"]
[Round "4.4"]
[White "Vignale, Stéphane"]
[Black "Solaroli, Riccardo"]
[Result "1-0"]
[WhiteElo "2086"]
[BlackElo "1929"]
[PlyCount "156"]
[EventDate "2007.07.18"]

1. d4 Nf6 2. c4 g6 3. Nc3 d5 4. Nf3 Bg7 5. Bf4 c5 6. e3 O-O 7. Be2 Nc6 8. O-O
cxd4 9. exd4 dxc4 10. Bxc4 Bg4 11. d5 Na5 12. Be2 Rc8 13. h3 Bxf3 14. Bxf3 Nc4
15. b3 Nd6 16. Rc1 Nd7 17. Qd2 Ne5 18. Be2 Qa5 19. Nb5 Qxd2 20. Bxd2 Nxb5 21.
Bxb5 a6 22. Be2 Rfd8 23. Bb4 Bf6 24. f4 Nd7 25. Bg4 Rxc1 26. Rxc1 Nb6 27. d6
exd6 28. Ba5 Bd4+ 29. Kf1 Re8 30. Rd1 Bc5 31. Bf3 d5 32. Bxd5 Nxd5 33. Rxd5 b6
34. Bc3 Be3 35. f5 gxf5 36. Rxf5 Rd8 37. Ke2 Bd4 38. Bxd4 Rxd4 39. Rf6 Rb4 40.
Kd3 Kg7 41. Rc6 a5 42. Rc4 Rb5 43. Kc3 Rf5 44. a4 Rf6 45. Rg4+ Kf8 46. Kc4 Rf5
47. Re4 h5 48. Kd4 Rf2 49. Re5 h4 50. Re4 Rxg2 51. Rxh4 Kg7 52. Kc4 Rb2 53.
Rg4+ Kf6 54. Rg3 Re2 55. Kb5 Re6 56. Rc3 Kg5 57. Rf3 f5 58. Kc4 f4 59. Kd4 Re1
60. Kd3 Kf5 61. Kd2 Re8 62. Rc3 Ke4 63. Rc1 Rd8+ 64. Ke2 f3+ 65. Kf2 Rd3 66.
Rc4+ Kf5 67. b4 axb4 68. Rxb4 Ra3 69. h4 Ke5 70. h5 Kd5 71. h6 Kc5 72. Rh4 Ra2+
73. Kxf3 Ra3+ 74. Ke2 Ra2+ 75. Kd3 Ra3+ 76. Kc2 Rf3 77. h7 Rf2+ 78. Kd3 Ra2 1-0

[Event "KAUPTHING OPEN 2007 B"]
[Site "?"]
[Date "2007.07.09"]
[Round "4.5"]
[White "Pletsch, Claude"]
[Black "Berens, Thomas"]
[Result "0-1"]
[WhiteElo "1903"]
[BlackElo "2032"]
[PlyCount "70"]
[EventDate "2007.07.18"]

1. e4 c5 2. Nc3 d6 3. g3 Nc6 4. Bg2 g6 5. f4 Bg7 6. Nf3 e6 7. d3 Nge7 8. O-O
O-O 9. Be3 Rb8 10. Rb1 b5 11. a3 a5 12. Ne2 Qc7 13. g4 f5 14. h3 b4 15. axb4
axb4 16. Qe1 b3 17. c3 Ba6 18. Qd2 c4 19. d4 Bb7 20. Ng5 Qd7 21. d5 exd5 22.
exf5 gxf5 23. Bxd5+ Nxd5 24. Qxd5+ Kh8 25. Qxc4 fxg4 26. Qd3 Bf6 27. h4 Rbe8
28. Bd4 Nxd4 29. Nxd4 h6 30. Qg6 Bxd4+ 31. cxd4 hxg5 32. fxg5 Qg7 33. Qh5+ Kg8
34. Qxg4 Rxf1+ 35. Rxf1 Re4 0-1

[Event "KAUPTHING OPEN 2007 B"]
[Site "?"]
[Date "2007.07.09"]
[Round "4.6"]
[White "Parreira, Luis Miguel"]
[Black "Schweitzer, Marc"]
[Result "0-1"]
[WhiteElo "1969"]
[BlackElo "1912"]
[PlyCount "96"]
[EventDate "2007.07.18"]

1. e4 Nc6 2. d4 d5 3. exd5 Qxd5 4. Nf3 e5 5. Nc3 Bb4 6. Bd2 Bxc3 7. Bxc3 e4 8.
Ne5 Nxe5 9. dxe5 Ne7 10. b3 Qc6 11. Bb4 Nd5 12. Bd2 O-O 13. Bc4 Nb6 14. Be2 Re8
15. O-O Rxe5 16. a4 a6 17. a5 Nd5 18. Bc4 b5 19. axb6 Nxb6 20. Bc3 Re8 21. Qd4
Qg6 22. Rfe1 Nxc4 23. Rxe4 Bh3 24. Qxg7+ Qxg7 25. Rxe8+ Rxe8 26. Bxg7 Bf5 27.
Bc3 Nb6 28. Rxa6 Bxc2 29. Ra5 f5 30. Rc5 Re7 31. h3 Be4 32. f3 Bd5 33. Ba5 Rd7
34. Rb5 Na8 35. Rb8+ Kf7 36. Bc3 Ke6 37. Ba5 c5 38. Rc8 Kd6 39. Bd2 Nc7 40. Rb8
Kc6 41. Ba5 Kd6 42. Rf8 Be6 43. Rb8 Nd5 44. Kf2 Ra7 45. b4 cxb4 46. Bxb4+ Nxb4
47. Rxb4 Ke5 48. Rb5+ Bd5 0-1

[Event "KAUPTHING OPEN 2007 B"]
[Site "?"]
[Date "2007.07.09"]
[Round "4.7"]
[White "Carrillo, Jesus"]
[Black "Duenzel, Jonas"]
[Result "1-0"]
[WhiteElo "2174"]
[BlackElo "1900"]
[PlyCount "81"]
[EventDate "2007.07.18"]

1. e4 c5 2. Nf3 d6 3. d4 cxd4 4. Nxd4 Nf6 5. Nc3 a6 6. Bc4 e6 7. Bb3 b5 8. Qf3
Qc7 9. Bg5 Be7 10. Bxf6 gxf6 11. O-O-O b4 12. Nce2 O-O 13. Nf4 Kh8 14. Qh5 Qc5
15. Nf5 exf5 16. Bxf7 fxe4 17. Bd5 Ra7 18. Ng6+ Kg7 19. Nxf8 Bxf8 20. Rhe1 Rc7
21. Rd2 Be6 22. Rxe4 Bxd5 23. Rg4+ Kh8 24. Qxd5 Qxd5 25. Rxd5 Nc6 26. Rc4 Ne7
27. Rxc7 Nxd5 28. Ra7 Nf4 29. g3 Ne2+ 30. Kd2 Nd4 31. Kd3 Ne6 32. Kc4 Nc5 33.
Kxb4 Kg8 34. Kc4 Ne4 35. f4 Nd2+ 36. Kd5 Nf3 37. Rxa6 Nxh2 38. b4 Nf1 39. b5
Ne3+ 40. Kc6 Nxc2 41. Ra4 1-0

[Event "KAUPTHING OPEN 2007 B"]
[Site "?"]
[Date "2007.07.09"]
[Round "4.8"]
[White "Bakalarz, Leszek"]
[Black "Birtz, Claude"]
[Result "1-0"]
[WhiteElo "2105"]
[BlackElo "1936"]
[PlyCount "35"]
[EventDate "2007.07.18"]

1. e4 d6 2. d4 Nf6 3. Nc3 g6 4. f4 Bg7 5. Nf3 c5 6. dxc5 Qa5 7. Bd3 Qxc5 8. Qe2
Bd7 9. Be3 Qc7 10. O-O a6 11. e5 dxe5 12. fxe5 Ng4 13. Nd5 Qc6 14. Nb6 Ra7 15.
Nxd7 Nxd7 16. Bxa7 b6 17. Bxa6 O-O 18. Nd4 1-0

[Event "KAUPTHING OPEN 2007 B"]
[Site "?"]
[Date "2007.07.09"]
[Round "4.9"]
[White "Wagener, Christophe"]
[Black "Henrichs, Wenke"]
[Result "0-1"]
[WhiteElo "1930"]
[BlackElo "2079"]
[PlyCount "56"]
[EventDate "2007.07.18"]

1. e4 c5 2. Nf3 d6 3. d3 Nc6 4. g3 g6 5. Bg2 Bg7 6. O-O Nf6 7. Re1 O-O 8. c3 e5
9. Bg5 h6 10. Be3 b6 11. h3 Bb7 12. c4 Nd4 13. Nc3 Rb8 14. Rb1 Ne8 15. Nh4 Nc7
16. b4 Nce6 17. bxc5 dxc5 18. Nd5 Kh7 19. Nf3 Nxf3+ 20. Bxf3 Nd4 21. Bg2 Bc6
22. Bxd4 cxd4 23. Qb3 b5 24. c5 a5 25. Qc2 h5 26. h4 f5 27. exf5 Bxd5 28. fxg6+
Kxg6 0-1

[Event "KAUPTHING OPEN 2007 B"]
[Site "?"]
[Date "2007.07.09"]
[Round "4.10"]
[White "Ludewig, Robert"]
[Black "Ortartchiev, Gadji"]
[Result "0-1"]
[WhiteElo "1910"]
[BlackElo "1992"]
[PlyCount "66"]
[EventDate "2007.07.18"]

1. f4 Nf6 2. Nf3 g6 3. b3 Bg7 4. Bb2 O-O 5. e3 c5 6. Be2 d6 7. O-O Nc6 8. d3
Rb8 9. a4 a6 10. Na3 d5 11. Ne5 Nb4 12. Qc1 Ne8 13. Nf3 Nd6 14. Bxg7 Kxg7 15.
Qd2 Kg8 16. c3 Nc6 17. Nc2 b5 18. axb5 Rxb5 19. Ne5 Na5 20. g4 Nxb3 21. Qe1
Nxa1 22. Nxa1 f6 23. Nc6 Qc7 24. c4 dxc4 25. Bf3 cxd3 26. Qc3 c4 27. f5 Bb7 28.
Nd4 Bxf3 29. Rxf3 Rb1+ 30. Rf1 Rxf1+ 31. Kxf1 Ne4 32. Qa3 Qxh2 33. Nab3 Qf2#
0-1

[Event "KAUPTHING OPEN 2007 B"]
[Site "?"]
[Date "2007.07.09"]
[Round "4.11"]
[White "Kruis, Ruud"]
[Black "Buchholtz, Léon"]
[Result "1-0"]
[WhiteElo "1988"]
[BlackElo "1905"]
[PlyCount "29"]
[EventDate "2007.07.18"]

1. c4 e5 2. Nc3 Nc6 3. g3 Nf6 4. Bg2 g6 5. d3 Bg7 6. Rb1 a5 7. a3 Qe7 8. Bg5
Qc5 9. Nf3 e4 10. Be3 Qe7 11. dxe4 Nxe4 12. Nd5 Qd8 13. Nd4 f5 14. Nb5 Be5 15.
f4 1-0

[Event "KAUPTHING OPEN 2007 B"]
[Site "?"]
[Date "2007.07.09"]
[Round "4.12"]
[White "Marchal, Chantal"]
[Black "Weller, Werner"]
[Result "0-1"]
[WhiteElo "1884"]
[BlackElo "1967"]
[PlyCount "74"]
[EventDate "2007.07.18"]

1. e4 c5 2. Nf3 Nc6 3. Bb5 Qc7 4. O-O a6 5. Bxc6 bxc6 6. c4 g6 7. Nc3 Bg7 8.
Qc2 d6 9. h3 e6 10. d3 Ne7 11. Bd2 O-O 12. Rab1 Rb8 13. Qc1 f5 14. Bh6 e5 15.
Bxg7 Kxg7 16. Nh2 f4 17. Qd1 Be6 18. b3 Qd7 19. Qe1 f3 20. Nxf3 Rxf3 21. gxf3
Bxh3 22. Kh2 Bxf1 23. Qxf1 Rf8 24. Qg2 Qe6 25. Qg3 Qf6 26. Kg2 g5 27. Ne2 Ng6
28. Rh1 h6 29. Qg4 Kh7 30. Rh3 Nf4+ 31. Nxf4 Qxf4 32. Qd7+ Rf7 33. Qxd6 g4 34.
Rg3 h5 35. Qd8 Rf6 36. Kh2 h4 37. Qe7+ Kh6 0-1

[Event "KAUPTHING OPEN 2007 B"]
[Site "?"]
[Date "2007.07.09"]
[Round "4.13"]
[White "Berteau, Franck"]
[Black "Hoefer, Ulrich"]
[Result "1/2-1/2"]
[WhiteElo "1859"]
[BlackElo "1940"]
[PlyCount "50"]
[EventDate "2007.07.18"]

1. e4 c5 2. Nf3 d6 3. Nc3 e6 4. g3 Nc6 5. Bg2 a6 6. O-O Be7 7. d4 cxd4 8. Nxd4
Qc7 9. Be3 Nf6 10. Na4 Rb8 11. c4 O-O 12. Qb3 Na5 13. Qc3 Nc6 14. Rac1 Bd7 15.
Qb3 Ne5 16. Rfd1 Neg4 17. Bd2 h5 18. h3 Ne5 19. Be3 h4 20. f4 Nc6 21. g4 Nxd4
22. Bxd4 Bc6 23. e5 Bxa4 24. Qxa4 Nd7 25. Bf2 Nc5 1/2-1/2

[Event "KAUPTHING OPEN 2007 B"]
[Site "?"]
[Date "2007.07.09"]
[Round "4.14"]
[White "Dubois, Martine"]
[Black "Pinheiro, Philippe"]
[Result "1-0"]
[WhiteElo "2073"]
[BlackElo "1540"]
[PlyCount "59"]
[EventDate "2007.07.18"]

1. e4 c5 2. c3 Nc6 3. d4 cxd4 4. cxd4 g6 5. d5 Nb8 6. Qd4 Nf6 7. e5 Nh5 8. g4
Ng7 9. Nc3 a6 10. Bg2 Qa5 11. b4 Qd8 12. Nge2 h5 13. h3 Rh7 14. Ne4 Rh8 15. Nf4
a5 16. b5 hxg4 17. hxg4 Rxh1+ 18. Bxh1 Qc7 19. d6 Qd8 20. Nd5 f5 21. Nc7+ Kf7
22. Ng5+ Kg8 23. Nxa8 e6 24. Qb6 Qxb6 25. Nxb6 Ne8 26. Nxc8 Bg7 27. Ne7+ Kf8
28. Nxg6+ Kg8 29. gxf5 exf5 30. Bd5# 1-0

[Event "KAUPTHING OPEN 2007 B"]
[Site "?"]
[Date "2007.07.09"]
[Round "4.15"]
[White "Bakalarz, Grazyna"]
[Black "Jouanny, Sebastien"]
[Result "1-0"]
[WhiteElo "2060"]
[BlackElo "1681"]
[PlyCount "115"]
[EventDate "2007.07.18"]

1. d4 Nf6 2. Nf3 e6 3. Bg5 d5 4. Nbd2 Be7 5. c3 Nbd7 6. e3 O-O 7. Bd3 b6 8. O-O
Bb7 9. Qb1 h6 10. Bh4 c5 11. b4 Rb8 12. Bg3 cxb4 13. cxb4 Rc8 14. Ne5 Nh5 15.
Ndf3 Nxg3 16. hxg3 Nf6 17. Qb2 Bd6 18. a4 Bxe5 19. dxe5 Nd7 20. Qd4 f5 21. exf6
Qxf6 22. Qxf6 Rxf6 23. Rac1 Rff8 24. Nd4 Kf7 25. Nb5 Ke7 26. Be2 a6 27. Nd4
Rxc1 28. Rxc1 Rc8 29. Rxc8 Bxc8 30. a5 bxa5 31. bxa5 Bb7 32. Bg4 Nf8 33. f4 g6
34. Kf2 h5 35. Be2 Kd6 36. Nb3 Bc8 37. Bd3 Bb7 38. Ke2 Bc8 39. Kd2 Bb7 40. Kc3
Bc8 41. Kd4 Nd7 42. Bxg6 e5+ 43. fxe5+ Nxe5 44. Bxh5 Bf5 45. Be2 Nc6+ 46. Kc3
Bc8 47. g4 Ne5 48. g5 Bb7 49. Nd4 Bc8 50. Bh5 Ke7 51. Nf3 Nc6 52. Nd2 Nxa5 53.
Kd4 Nc6+ 54. Kxd5 Bb7 55. Kc5 Ne5 56. e4 Nd7+ 57. Kb4 Ne5 58. Bf3 1-0

[Event "KAUPTHING OPEN 2007 B"]
[Site "?"]
[Date "2007.07.09"]
[Round "4.16"]
[White "Fadil, Hicham"]
[Black "Baillard, Marc"]
[Result "0-1"]
[WhiteElo "1769"]
[BlackElo "2001"]
[PlyCount "132"]
[EventDate "2007.07.18"]

1. d4 Nf6 2. Nc3 d5 3. e4 dxe4 4. f3 exf3 5. Nxf3 e6 6. Bd3 b6 7. O-O Bb7 8.
Qe1 Bxf3 9. Rxf3 Qxd4+ 10. Be3 Qd8 11. Rd1 Bd6 12. Ne4 Nbd7 13. Nxd6+ cxd6 14.
Bb5 Qe7 15. Qg3 O-O 16. Bg5 d5 17. Bxd7 Qc5+ 18. Be3 Qxc2 19. Rd2 Qb1+ 20. Rf1
Qg6 21. Qxg6 hxg6 22. Ba4 e5 23. Bg5 Ne4 24. Rxd5 Nxg5 25. Rxe5 f6 26. Re7 Kh8
27. Rd1 Rf7 28. Re8+ Rxe8 29. Bxe8 Re7 30. Bxg6 Nf7 31. Rc1 Nd6 32. Rc6 Rd7 33.
Kf2 Kg8 34. Kg3 Kf8 35. Kh4 Ke7 36. Kh5 Nb5 37. Be4 Rd4 38. Bf3 Kf7 39. g3 g6+
40. Kh6 Rd7 41. Be4 f5 42. Bc2 Nd4 43. Bb3+ Nxb3 44. axb3 Rd2 45. Rxg6 Rxh2+
46. Kg5 Rxb2 47. Rf6+ Ke7 48. Rh6 Rxb3 49. Rh7+ Ke6 50. Rxa7 Rxg3+ 51. Kf4 Rb3
52. Ra4 Rb1 53. Ra8 Rb4+ 54. Kf3 b5 55. Re8+ Kd5 56. Rd8+ Kc4 57. Kf4 Kc3+ 58.
Kxf5 Rc4 59. Ke5 b4 60. Rb8 b3 61. Kd5 Rb4 62. Rc8+ Kd3 63. Rh8 b2 64. Rh3+ Kc2
65. Rh2+ Kb3 66. Rh1 Ka2 0-1

[Event "KAUPTHING OPEN 2007 B"]
[Site "?"]
[Date "2007.07.09"]
[Round "4.17"]
[White "Korman, Ewgenija"]
[Black "Lockwood, William"]
[Result "0-1"]
[WhiteElo "1661"]
[BlackElo "1882"]
[PlyCount "57"]
[EventDate "2007.07.18"]

1. e4 Nf6 2. Nc3 d5 3. e5 Nfd7 4. d4 e6 5. Nce2 c5 6. c3 Nc6 7. f4 a6 8. Nf3 b5
9. Ng3 g6 10. h4 Bb7 11. h5 cxd4 12. Nxd4 Nxd4 13. Qxd4 Bc5 14. Qd1 Qb6 15. Qc2
O-O-O 16. b4 Be3 17. Qe2 Bxc1 18. Rxc1 Kb8 19. Qd3 g5 20. Qd2 gxf4 21. Qxf4 Qc7
22. Ne2 Nxe5 23. Kd2 Nc4+ 24. Kd3 e5 25. Qf2 f5 26. Qxf5 Bc8 27. Qf2 Rdf8 28.
Nf4 Rxf4 29. Qe1 0-1

[Event "KAUPTHING OPEN 2007 B"]
[Site "?"]
[Date "2007.07.09"]
[Round "4.18"]
[White "Poscic, Mark"]
[Black "Oliva, Jan"]
[Result "0-1"]
[WhiteElo "1592"]
[BlackElo "1840"]
[PlyCount "64"]
[EventDate "2007.07.18"]

1. e4 c5 2. Nf3 e6 3. Nc3 a6 4. d4 cxd4 5. Nxd4 Qc7 6. a3 Nf6 7. g3 Bc5 8. Nb3
Ba7 9. Bg5 Nc6 10. Bxf6 gxf6 11. Qf3 Qe5 12. O-O-O b5 13. Na2 Bb7 14. Qd3 Nd4
15. Nc3 Nxb3+ 16. cxb3 Qc7 17. f4 Rd8 18. Bg2 f5 19. Kb1 O-O 20. Bf3 fxe4 21.
Bxe4 f5 22. Bxb7 Qxb7 23. Rhe1 b4 24. axb4 Qxb4 25. Qxa6 Qxb3 26. Qxa7 Rb8 27.
Na4 Rb7 28. Qa6 Rc8 29. Rc1 Rcb8 30. Re2 Qa3 31. Rc3 Rxb2+ 32. Rxb2 Rxb2+ 0-1

[Event "KAUPTHING OPEN 2007 B"]
[Site "?"]
[Date "2007.07.09"]
[Round "4.19"]
[White "Caquard, Frederic"]
[Black "Kasparova, Eva"]
[Result "1/2-1/2"]
[WhiteElo "1881"]
[BlackElo "1400"]
[PlyCount "24"]
[EventDate "2007.07.18"]

1. e4 d6 2. d4 Nf6 3. Nc3 e5 4. Nf3 Nbd7 5. h3 Be7 6. Bc4 O-O 7. Be3 c6 8. a4
b6 9. O-O Bb7 10. d5 cxd5 11. Nxd5 Nxe4 12. Kh2 Ndf6 1/2-1/2

[Event "KAUPTHING OPEN 2007 B"]
[Site "?"]
[Date "2007.07.09"]
[Round "4.20"]
[White "Marchal, Roger"]
[Black "Papini, Emmanuel"]
[Result "1/2-1/2"]
[WhiteElo "1682"]
[BlackElo "1866"]
[PlyCount "45"]
[EventDate "2007.07.18"]

1. c4 e6 2. g3 c6 3. Bg2 d5 4. cxd5 exd5 5. e3 Bd6 6. Nf3 Nd7 7. O-O Nc5 8. d4
Ne4 9. Nfd2 Nxd2 10. Bxd2 Nf6 11. Nc3 O-O 12. Rc1 Re8 13. Re1 Ne4 14. Nxe4 dxe4
15. Qb3 Bf8 16. Bb4 Qb6 17. Bxf8 Qxb3 18. axb3 Rxf8 19. Rc5 f5 20. f3 exf3 21.
Bxf3 g6 22. b4 Bd7 23. d5 1/2-1/2

[Event "KAUPTHING OPEN 2007 B"]
[Site "?"]
[Date "2007.07.04"]
[Round "4.21"]
[White "Thiebaux, Jean-Claude"]
[Black "Adami, Eric"]
[Result "0-1"]
[WhiteElo "1836"]
[BlackElo "1653"]
[PlyCount "63"]
[EventDate "2007.07.18"]

1. e4 e5 2. Nf3 d6 3. Bb5+ c6 4. Be2 Nf6 5. d3 h6 6. O-O Be6 7. h3 Qc7 8. Be3
d5 9. exd5 cxd5 10. c3 Nc6 11. Re1 Bd6 12. Nbd2 g5 13. Nh2 e4 14. Ng4 Nxg4 15.
Bxg4 Bxg4 16. Qxg4 Ne5 17. Qh5 Nxd3 18. Bd4 Be5 19. Bxe5 Qxe5 20. Nf3 Qf5 21.
Rad1 Nxe1 22. Rxe1 O-O-O 23. Nd4 Qd7 24. Qe2 f5 25. c4 Kb8 26. c5 f4 27. Rc1
Rc8 28. c6 bxc6 29. Nxc6+ Ka8 30. Qa6 Qb7 31. Qa4 Qb6 32. Rc5 0-1